| 000 | 00938nam a22002177a 4500 | ||
|---|---|---|---|
| 999 |
_c10813 _d10813 |
||
| 003 | AR-CdUCM | ||
| 008 | 190402b ||||| |||| 00| 0 spa d | ||
| 040 |
_aMUNICIPALIDAD PROVINCIAL DEL CUSCO _cBIBLIOTECA MUNICIPAL DEL CUSCO |
||
| 082 |
_aES / 373.910 / _bC29 |
||
| 100 |
_aCastillo Morales, Juan _927854 |
||
| 245 |
_aGeografía 3 : _bConforme al programa curricular de geografía para el tercer grado de educación secundaria / |
||
| 260 |
_aLima : _bEditorial Bruño. |
||
| 300 |
_a214 páginas ; _bMapas, ilustraciones, _c23 cm. |
||
| 505 | _aContenido: Geografía de América del Sur -- Geografía de América del centro y del caribe -- Geografía de América del norte -- Geografía de Europa -- Geografía de Asia... | ||
| 650 |
_aGeografía mundial _91554 |
||
| 650 |
_aMapas del Perú _925519 |
||
| 650 |
_aTexto para secundaria _927855 |
||
| 700 |
_aValdivia Ramirez, Julio _927856 |
||
| 942 |
_2ddc _cLIBROS |
||
| 945 | _adavv | ||